Najkrótsze ulice w Polsce - Statystyki

Ogólne statystyki
  • Ten quiz został rozwiązany 18 razy
  • Średni wynik to 3 z 15
Statystyki odpowiedzi
Długość Ulica % Poprawnych
29m Krótka
73%
30m Krótka
73%
22m Samborska
27%
22m Kącik
18%
30m Oświęcimska
18%
31m Plebania
18%
28m Policyjna
18%
30m Boczna
9%
30m Chmielna
9%
29m Kamionka
9%
28m Kozia
9%
25m Leopolda Infelda
9%
32m Portowa
9%
31m Świerkocińska
9%
32m Wieżowa
9%
Nie znaleziono quizów pasujących do podanych kryteriów
Rozkład punktacji
Procent ludzi z każdym wynikiem
Percentyl według liczby udzielonych odpowiedzi
Twoja historia wyników
Nie rozwiązałeś tego quizu